El sentido del pasado en el renacimiento seguido de el sentido del anacronismo de Petrarca a Poussin

Guardat en:
Dades bibliogràfiques
Autor principal: Burke, Peter (Autor)
Format: Llibre
Idioma:espanyol
Publicat: Buenos Aires, Argentina Akal 2016
Col·lecció:Akal Universitaria. Serie Historia Moderna,
Matèries:
Etiquetes: Afegir etiqueta
Sense etiquetes, Sigues el primer a etiquetar aquest registre!

MARC

LEADER 00000cam a2200000 a 4500
001 UCD5877
003 CL-VaPUC
005 20210520131320.0
008 161028e20160000ag |||||||||||||||||spa|d
999 |c 366414  |d 366412 
020 |a 9788446029946 
040 |c Pontificia Universidad Católica de Valparaíso 
082 0 4 |a 940.21 BUR 2016  |2 21 
100 0 |a Burke, Peter  |e author  |9 589673 
245 1 3 |a El sentido del pasado en el renacimiento seguido de el sentido del anacronismo de Petrarca a Poussin 
260 |a Buenos Aires, Argentina   |b Akal  |c 2016 
300 |a 201 páginas  
440 |a Akal Universitaria. Serie Historia Moderna,   |n  363  |9 860955 
500 |a c.3 Donación VRA-N.Vásquez L. 
583 |a last modification  |c 20161028 10:18:00  |k Rodrigo Vera 
650 7 |a RENACIMIENTO DE EUROPA  |2 CL-VaPUC  |9 468878 
650 0 |a Historia de Europa  |9 392003 
942 |c BK  |2 ddc 
945 |d 20161028 10:18:00  |a arojas 
952 |0 0  |1 0  |3 erb  |4 0  |6 940_210000000000000_BUR_2016  |7 0  |8 A  |9 480642  |a BIBART  |b BIBART  |i 5345944  |l 2  |o 940.21 BUR 2016  |p 5345944  |r 2025-03-13  |s 2023-03-21  |w 2019-11-24  |y BK  |z Catalogado en:20161028  |k ART 
952 |0 0  |1 0  |3 erb  |4 0  |6 940_210000000000000_BUR_2016  |7 0  |8 A  |9 480643  |a BIBHIS  |b BIBHIS  |i 5501741  |l 10  |m 7  |o 940.21 BUR 2016  |p 5501741  |q 2025-05-16  |r 2025-05-09  |s 2025-05-09  |w 2019-11-24  |y BK  |z Catalogado en:20180927  |k HIS 
952 |0 0  |1 0  |2 ddc  |4 0  |6 940_210000000000000_BUR_2016  |7 0  |8 A  |9 577835  |a BIBHIS  |b BIBHIS  |d 2021-05-20  |i 5621569  |l 6  |o 940.21 BUR 2016  |p 5621569  |r 2025-04-15  |s 2025-04-09  |t 3  |w 2021-05-20  |y BK  |k HIS